Представление документа в формате RUSMARC

ПолеНазваниеЗначение
  Тип записи a
  Библиографический уровень m
001 Контрольный номер RU/SLIB/B/208779764
005 Дата корректировки 20220516113818.0
010 Индекс ISBN __
a ISBN 5-222-06453-0
d Цена 66-00
101 Язык документа 0_
a Язык текста rus
c Язык оригинала rus
200 Заглавие и сведения об ответственности 1_
a Заглавие Новый Жилищный кодекс в вопросах и ответах
e Сведения, относящиеся к заглавию [принят 29.12.2004 г.]
f Первые сведения об ответственности В. И. Магась
b Общее обозначение материала Текст
205 Сведения об издании __
a Основные сведения об издании 2-е изд.
210 Выходные данные 1_
a Место издания Ростов н/Д
c Издательство Феникс
d Дата издания 2005
215 Физическое описание __
a Объем 284 с.
225 Серия 2_
a Серия Качество жизни
330 Аннотация __
a Аннотация Автор доступно разъясняет вопросы жилищного права для широких слоев населения.
606 Тематические рубрики __
a Основная рубрика Право
606 Тематические рубрики __
a Основная рубрика Обязательственное право
610 Ключевые слова 0_
a Ключевые слова жилищное право; собственники жилья; наниматели жилья; социальное жилье; права собственников; жилищное законодательство
686 Индексы других классификаций __
a Классификационный индекс 67.404.212.47(2Рос)-32
700 Автор _1
a Фамилия Магась
b Имя В. И.
g Полное личное имя Владимир Иванович
4 Код отношения 070
801 Источник записи _0
a Страна RU
b Организация Муниципальное бюджетное учреждение культуры "Централизованная библиотечная система" г. Сургут (Центральная городская библиотека им. А. С. Пушкина)
g Правила каталогизации КиК/Уланова
801 Источник записи _1
a Страна RU
b Организация Муниципальное бюджетное учреждение культуры "Централизованная библиотечная система" г. Сургут (Центральная городская библиотека им. А. С. Пушкина)
g Правила каталогизации КиК/Уланова
852 Данные о местонахождении __
j Шифр хранения 67.404.212.47(2Рос)-32
c Каталожный индекс 67.404.2(2Рос)
i Авторский знак М 12
p Инвентарный номер 05112065; 05112066
901 Тип документа __
t Тип документа m
903 Характеристики (МАРС) __
a Дата передачи 20051124
990 Данные о заказе (DOS) __
j Количество экземпляров (DOS) 2
t N записи в КСУ для И/У (DOS) 200511